Kultúra a jazyk vo výučbe cudzieho jazyka

Medzikultúrna komunikácia a kultúrna odlišnosť obyvateľov ako prejav globalizácie v mnohých sférach spoločenského života. Kompetencie pre styk s cudzími kultúrami a s vlastnou kultúrou. Kultúrne učenie a kontrasty kultúrnych skúseností. Teória interkultúrneho učenia.

Salvato in:
Dettagli Bibliografici
Autore principale: Harajová, Alica
Natura: Capitolo di libro
Lingua:slovacco
Soggetti:
Tags: Aggiungi Tag
Nessun Tag, puoi essere il primo ad aggiungerne!!

MARC

LEADER 00000nla$a2200000$$$4500
001 0119497
005 20221107084318.5
041 0 |a slo 
044 |a SK 
245 1 0 |a Kultúra a jazyk vo výučbe cudzieho jazyka  |c Alica Harajová 
520 |a Medzikultúrna komunikácia a kultúrna odlišnosť obyvateľov ako prejav globalizácie v mnohých sférach spoločenského života. Kompetencie pre styk s cudzími kultúrami a s vlastnou kultúrou. Kultúrne učenie a kontrasty kultúrnych skúseností. Teória interkultúrneho učenia. 
610 2 0 |a komunikácia multikultúrna 
610 2 0 |a jazyky cudzie 
610 2 0 |a vzdelávanie 
610 2 0 |a civilizácia 
610 2 0 |a kultúra 
610 2 0 |a vzdelanosť 
610 2 0 |a spoločnosť globálna 
610 2 0 |a kvalita života 
100 1 |a Harajová, Alica